000
00315nam a2200121Ia 4500
008
170224s9999 xx 000 0 und d
245
_a
Praxbind Available as Antidote to Bleeding from Pradaxa
260
_b
American Journal of Nursing
260
_c
2016
300
_a
116:6
500
_a
June
650
_x
Nursing.
999
_c
316963
_d
316963